00502 2200169 4500001002100000005001500021035002000036007000300056008004100059082001000100084001400110245012200124250000900246260004100255300001900296990001700315INLIS00000000000594220260702114838 a0010-0726000007ta260702 u dut  a910.4 a910.4 MED aMededeelingen van het bureau voor de bestuurszaken der buitengewesten bewerkt door het ecyclopaedisch bureau :bSeran aXXIX aWeltevreden :bG. Kolff & Co.,c1922 a241 p. :bill. a0341/KA/2026